000 00737nam a2200205 i 4500
001 155833
003 ES-MaACL
005 20231228063234.0
008 981126s1900 sp |||| | spa d
040 _aCCPB | B
_bspa
_cCCPB | B
100 1 _aIbáñez Marín, José,
_d1862-1909
_964933
245 1 0 _aEstudios militares y políticos /
_cJosé Ibáñez Marín.
260 _aMadrid :
_b[s.n.],
_c1900 (
_fTip. El Trabajo, a cargo de H. Sevilla)
300 _a236 p. ;
_c19 cm.
530 _aDisponible en formato digital.
650 4 _aFuerzas armadas.
_912997
852 _aES-MaACL
_jF-10023
_z- Enc. hol.
856 _uhttps://archive.org/details/estudiosmilitare00ibrich
_zInternet Archive
999 _c155833
_d155833